Guess Blackpink MV From Release Date - Statistics

General Stats
  • This quiz has been taken 69 times
    46 since last reset
  • The average score is 16 of 35
Answer Stats
Answer % Correct
BOOMBAYAH
96%
STAY
93%
WHISTLE
93%
PLAYING WITH FIRE
89%
AS IF IT'S YOUR LAST
79%
How You Like That
75%
Jennie - SOLO
75%
Kill This Love
75%
DDU-DU DDU-DU
71%
Ice Cream (with Selena Gomez)
61%
Lovesick Girls
61%
Lisa - LALISA
57%
Lisa - MONEY
57%
Rosé - On The Ground
57%
Rosé - Gone
54%
Shut Down
54%
Pink Venom
50%
Jisoo - FLOWER
39%
Ready For Love
36%
Rosé - APT. (with Bruno Mars)
32%
THE GIRLS
32%
Jennie - ExtraL (with Doechii)
29%
Jennie - Mantra
29%
Lisa- Rockstar
29%
Rosé - toxic till the end
29%
Jennie - like JENNIE
25%
Jisoo - earthquake
25%
Lisa - New Woman (with Rosalia)
25%
Rosé - number one girl
21%
Jennie - Love Hangover (with Dominic Fike)
18%
Jennie - Zen
18%
Jennie - You & Me
14%
Lisa - Moonlit Floor (Kiss Me)
14%
Lisa- FUTW
11%
Lisa - Born Again (with Doja Cat, Raye)
7%
No matching quizzes found
Score Distribution
Percent of People with Each Score
Percentile by Number Answered
Your Score History
You have not taken this quiz since the last reset